| 000 | 00792nam a2200241 a 4500 | ||
|---|---|---|---|
| 001 | BRL_407 | ||
| 005 | 20190320210728.0 | ||
| 008 | 070813s1955----mx-a######---#000-0#spa-# | ||
| 041 | _aspa | ||
| 044 | _amx | ||
| 050 | 4 |
_aF1219 _b.M66 3 1955 |
|
| 100 | 1 |
_aCorona Nuñez, José _923818 |
|
| 245 | 1 | 0 |
_aTumba de el arenal, Etzatlán, Jal. _cJosé Corona Nuñez ; apéndice por Eduardo Noguera |
| 260 |
_aMéxico _bInstituto Nacional de Antropología e Historia _c1955 |
||
| 300 |
_a35 p. _bil. _c23 cm. |
||
| 440 | 0 |
_aDirección de monumentos pre-hispanicos _pInformes _v3 _923819 |
|
| 500 | _aAu429 | ||
| 651 | 4 |
_aEl Arenal (sitio arqueológico) _zMéxico _923820 |
|
| 651 | 4 |
_aJalisco (México) _xAntigüedades _923821 |
|
| 700 | 1 |
_aNoguera, Eduardo _919544 |
|
| 902 | _aGRL | ||
| 942 |
_2lcc _cB |
||
| 999 |
_c9220 _d9220 |
||